| 000 | 00656npc a2200205Ia 4500 | ||
|---|---|---|---|
| 001 | dp5-259 [d000000150] | ||
| 003 | IT-MiCISF | ||
| 008 | 161014s9999||||xx | und|| | ||
| 040 |
_aIT-MiCISF _cIT-MiCISF |
||
| 041 | _ait | ||
| 100 | _aAA.VV. | ||
| 245 | 0 |
_aCoppia, crisi di coppia, intervento e progetto _bConvegno di studio, Bologna 14 novembre 1987 |
|
| 250 | _a1a ed. | ||
| 260 |
_aBologna _bG. P. Dore _c1988 |
||
| 300 | _ap. 83 | ||
| 500 | _aConsultorio familiare Bologna / pastorale-familiare, relazione-di-coppia, conflitto, coppia-in-crisi, progetto / | ||
| 650 | _apastorale-familiare | ||
| 942 | _cDD | ||
| 957 | _71 | ||
| 999 |
_a259 _bsi _g1 _c206376 _d206376 |
||